Art škôlka

Saved in:
Bibliographic Details
Main Author: Dudláková, Daniela (Author)
Other Authors: Varga, Tibor (Thesis advisor)
Format: Manuscript Book
Language:Slovak
Published: Bratislava 2017
Subjects:
Online Access:http://is.stuba.sk/zp/portal_zp.pl?podrobnosti=111611
Tags: Add Tag
No Tags, Be the first to tag this record!

MARC

LEADER 00000ntm a22000003a 4500
001 stuzp63857
003 SK-STU
005 20210201081522.0
007 ta
008 150427s2015----xo-----f-mn---000-0-slo-d
040 |a STU  |b slo 
041 0 |a slo 
100 1 |a Dudláková, Daniela  |u 052120  |4 aut  |U FAD Fakulta architektúry  |T FA Ústav ekologickej a experimentálnej architektúry  |X 65317  |U A2120  |Y 393  |7 65317 
242 0 1 |a Art Nursery  |y eng 
245 1 0 |a Art škôlka 
260 |c 2017  |a Bratislava 
650 4 |a škôlka  |2 slo 
650 4 |a deti  |2 slo 
650 4 |a umenie  |2 slo 
650 4 |a children  |2 eng 
650 4 |a space  |2 eng 
650 4 |a art  |2 eng 
700 1 |a Varga, Tibor  |u 052120  |k Z1  |4 ths  |U FAD Fakulta architektúry  |T FA Ústav ekologickej a experimentálnej architektúry  |X 337  |U A2120  |Y 393  |7 A000000337 
856 4 |u http://is.stuba.sk/zp/portal_zp.pl?podrobnosti=111611  |u https://opac.crzp.sk/?fn=detailBiblioForm&sid=85D30AFD358849054C94BE4E20A9